| 000 | 00717nam a2200229 i 4500 | ||
|---|---|---|---|
| 001 | 52652 | ||
| 003 | ES-MaACL | ||
| 005 | 20230906162624.0 | ||
| 007 | t| | ||
| 008 | 030902s1980 sp ||||1| spa d | ||
| 100 | 1 |
_aDe Andreis, Stefano. _943033 |
|
| 245 | 1 | 0 |
_aJuan Pablo Wojtyla _b: (crónica insólita de un Papa) / _cStefano De Andreis, Marcella Leone ; [versión de Marta Vassallo]. |
| 250 | _a[2ª ed.]. | ||
| 260 |
_aBarcelona : _bLaia, _c[1980] |
||
| 300 |
_a433 p., 4 lám. ; _c20 cm. |
||
| 490 | 1 | _aLaia Paperback | |
| 700 | 1 |
_aLeone, Marcella. _971681 |
|
| 700 | 1 |
_aVassallo, Marta. _9113284 |
|
| 830 | 0 |
_aLaia Paperback _9181897 |
|
| 852 |
_aES-MaACL _jA-10919 _bR.100281 |
||
| 999 |
_c52652 _d52652 |
||